ბათუმის შოთა რუსთაველის სახელმწიფო უნივერსიტეტის ბიბლიოთეკა

მეთოდური მითითებები გეგმილური ხაზვის შესწავლისათვის ნაწ. I / (ბიბ.ჩანაწერი № 56914)

000 -ლიდერი
ფიქსირებული სიგრძის საკონტროლო ველი 01088nam a22001817a 4500
003 - საკონტროლო ნომრის იდენტიფიკატორი
საკონტროლო ველი Ge_BSU
005 - ბოლო ოპერაციის თარიღი და დრო
საკონტროლო ველი 20190618154944.0
008 - ფიქსირებული სიგრძის მონაცემთა ელემენტები - ზოგადი ინფორმაცია
ფიქსირებული სიგრძის საკონტროლო ველი 190618b1977 ge ||||| |||| 00| 0 geo d
041 ## - ენის კოდი
Language code of text/sound track or separate title geo
080 ## - უნივერსალური ათობითი კლასიფიკაციის ინდექსი
Universal Decimal Classification number 744(072) კ-18
100 ## - მთავარი ჩანაწერი - პიროვნების სახელი
Personal name კალანდაძე, ქ.
9 (RLIN) 1622
245 ## - ცნობა სათაურის შესახებ
Title მეთოდური მითითებები გეგმილური ხაზვის შესწავლისათვის ნაწ. I /
Statement of responsibility, etc კალანდაძე, ქ. ; საქ. პოლიტექნ. ინ-ტი, მხაზვ. გეომეტრიის და საინჟ. გრაფიკის კათედრა
264 ## - წარმოების, გამოცემის, დისტრიბუციის და სხვა ცნობები
გამოცემის, წარმოების, დისტრიბუციის... ადგილი თბილისი,
გამოცემის, წარმოების, დისტრიბუციის... თარიღი 1977.
300 ## - ფიზიკური აღწერა
Extent 133 გვ. :
Other physical details ილ. ;
Dimensions 20 სმ.
653 ## - INDEX TERM--UNCONTROLLED
Uncontrolled term გეგმილური ხაზვა - მეთოდური მითითებები
710 ## - ADDED ENTRY--CORPORATE NAME
Corporate name or jurisdiction name as entry element საქ. პოლიტექნ. ინ-ტი
Subordinate unit მხაზვ. გეომეტრიის და საინჟ. გრაფიკის კათედრა
9 (RLIN) 2551
942 ## - ADDED ENTRY ELEMENTS (KOHA)
Source of classification or shelving scheme
Koha item type წიგნი
ეგზემპლარები
ჩამოწერის სტატუსი დაკარგული ეგზემპლარის სტატუსი კლასიფიკაციის წყარო ან თაროზე გაწყობის სქემა დაზიანების სტატუსი არ გაიცემა მუდმივი მდებარეობა (დაცვის ადგილი) ამჟამინდელი ადგილსამყოფელი თაროზე განთავსების ადგილი შეძენის თარიღი ღირებულება, შესყიდვის ნორმალური ფასი სრული შენახვის შიფრი შტრიხკოდი ბოლო ოპერაციის თარიღი ეგზემპლარის მიმდევრობითი ნომერი (კეტერი?) ფასის ძალაში შესვლის თარიღი ეგზემპლარის სახეობა საჯარო შენიშვნა
          ტექნოლოგიური ფაკულტეტის ბიბლიოთეკა ტექნოლოგიური ფაკულტეტის ბიბლიოთეკა წიგნსაცავი 2019-06-18 1.00 744(072) კ-18 12330 2019-06-18 12330 2019-06-18 წიგნი 1.00 ლ.
          ტექნოლოგიური ფაკულტეტის ბიბლიოთეკა ტექნოლოგიური ფაკულტეტის ბიბლიოთეკა წიგნსაცავი 2019-06-18 1.00 744(072) კ-18 12331 2019-06-18 12331 2019-06-18 წიგნი 1.00 ლ.
          ტექნოლოგიური ფაკულტეტის ბიბლიოთეკა ტექნოლოგიური ფაკულტეტის ბიბლიოთეკა წიგნსაცავი 2019-06-18 1.00 744(072) კ-18 12332 2019-06-18 12332 2019-06-18 წიგნი 1.00 ლ.
          ტექნოლოგიური ფაკულტეტის ბიბლიოთეკა ტექნოლოგიური ფაკულტეტის ბიბლიოთეკა წიგნსაცავი 2019-06-18 1.00 744(072) კ-18 12333 2019-06-18 12333 2019-06-18 წიგნი 1.00 ლ.
          ტექნოლოგიური ფაკულტეტის ბიბლიოთეკა ტექნოლოგიური ფაკულტეტის ბიბლიოთეკა წიგნსაცავი 2019-06-18 1.00 744(072) კ-18 12334 2019-06-18 12334 2019-06-18 წიგნი 1.00 ლ.